UK Town Quiz - Maidstone - Statistics

General Stats
  • This quiz has been taken 58 times
  • The average score is 9 of 18
Answer Stats
Hint Answer % Correct
What are the three train stations in Maidstone called? East
92%
What are the three train stations in Maidstone called? West
92%
Which Maidstone school was established in 1549? MGS
82%
What are the three train stations in Maidstone called? Barracks
79%
Which is the primary bus service provider in the town? Arriva
76%
This castle has been described as the 'loveliest castle in the world"? Leeds Castle
74%
Which river runs through the centre of the town? River Medway
74%
Which Maidstone School is featured on the 'Maidstone Monopoly Board'? MGGS
68%
The names of the two Wetherspoons located within the town? Muggleton Inn
58%
The names of the two Wetherspoons located within the town? The Society Rooms
50%
On which astronomical body is the Maidstone Crater located? Mars
37%
Which famous spy novel makes reference to the town? James Bond: Moonraker
29%
The name of the old brewery turned shopping centre? Fremlin Walk
24%
The Maidstone museum located in a grade 1 listed barn is filled with this? Carriages
18%
Which two major sporting events have been broadcast from Maidstone Studios? Tour de France
18%
Which two major sporting events have been broadcast from Maidstone Studios? The Euros
13%
The last public hanging occurred in 1830 in Maidstone, but on what day? Christmas Eve
3%
Which sensational attraction is a hit with caffeine lovers and has been visited by Prince Charles? Teapot Island
3%
No matching quizzes found
Score Distribution
Percent of People with Each Score
Percentile by Number Answered
Your Score History
You have not taken this quiz